[Event "Lima-ch U12"]
[Site "Lima"]
[Date "2017.01.13"]
[Round "2.5"]
[White "Garcia Andrada, Humberto Daniel"]
[Black "Cumpa Palacios, Haziel Lyzander"]
[Result "0-1"]
[WhiteElo "1326"]
[BlackElo "1470"]
[PlyCount "63"]
[EventDate "2017.01.12"]
[EventType "swiss"]
[EventRounds "7"]
[EventCountry "PER"]
[SourceTitle "EXT 2024"]
[Source "ChessBase"]
[SourceDate "2023.10.10"]
[SourceVersion "1"]
[SourceVersionDate "2023.10.10"]
[SourceQuality "1"]

1. e4 c5 2. Nf3 d6 3. Bb5+ Bd7 4. Bxd7+ Qxd7 5. 0-0 e6 6. e5 d5 7. Ng5 Be7 8. Qh5 Bxg5 9. Qxg5 g6 10. d3 Qe7 11. Re1 Qxg5 12. Bxg5 h6 13. Bf6 Nxf6 14. exf6 Nd7 15. Na3 Nxf6 16. Nb5 Kd7 17. Rad1 a6 18. Nc3 Rad8 19. Na4 Kc6 20. b3 b5 21. Nb2 Rhe8 22. h3 d4 23. a4 Nd5 24. axb5+ axb5 25. Ra1 Ra8 26. Reb1 Kb6 27. Kf1 Nb4 28. Ke1 Rxa1 29. Rxa1 Nxc2+ 30. Kd1 Nxa1 31. Kc1 Nxb3+ 32. Kc2 0-1